00542nam a2200169Ia 450000500170000000800410001704000190005804100120007708200150008910000160010424501440012026000380026430000170030265000270031970000160034685000100036220230916095528.0131103s9999 xx 000 0 und d aLoreto College aEnglish a919.4bROS aRose,Lyndon aPeople in the sunb the native people of Australia and the islands of the South West Pacific cLyndon Rose; with photographs by Ronald Rose aSydneybAngus and Robertsonc1961 a94 p.b ill. aAustralia - Geography aRose,Ronald aLCLIB